| 000 | 01131nam a22002657a 4500 | ||
|---|---|---|---|
| 999 |
_c2810 _d2810 |
||
| 003 | AR-CdUCM | ||
| 008 | 190305b ||||| |||| 00| 0 spa d | ||
| 020 | _a970-620-847-X | ||
| 040 |
_aMUNICIPALIDAD PROVINCIAL DEL CUSCO _cBIBLIOTECA MUNICIPAL DEL CUSCO |
||
| 041 | _heng | ||
| 082 |
_a307 / _bC68 |
||
| 100 |
_aCohen, Ira J. _99783 |
||
| 245 |
_aTeoría de la estructuración : _bAnthony Giddens y la constitución de la vida social / |
||
| 260 |
_aMéxico, D.F : _bUniversidad Autónoma Metropolitana, _c1996. |
||
| 300 |
_a353 paginas ; _c22 cm. |
||
| 505 | _ateoría de la estructuración y praxis social -- Morfología de nuestros días y praxis social: una critica -- La formación de patrones y la articulación de sistemas a través del tiempo y el espacio -- La organización de sistemas sociales: un manifiesto no funcionalista ... | ||
| 650 |
_aSociología _9276 |
||
| 650 |
_aGiddens, Anthony _99784 |
||
| 650 |
_aEstructura social _92893 |
||
| 650 |
_ateoría estructural _99785 |
||
| 650 |
_aSistemas sociales _99786 |
||
| 700 |
_aGonzáles Ruiz, Ángel Carlos _99787 |
||
| 942 |
_2ddc _cLIBROS |
||
| 945 | _aacv | ||